ナンバープレートの地名 - Statistics

General Stats
  • This quiz has been taken 1,087 times
    684 since last reset
  • The average score is 101 of 138
Answer Stats
都道府県 標板地名 備考 % Correct
北海道 札幌
97%
北海道 函館
92%
北海道 旭川
88%
青森県 青森
88%
福島県 福島
88%
山形県 山形
87%
北海道 釧路
86%
宮城県 仙台 ご当地
86%
茨城県 水戸
86%
千葉県 千葉
86%
岩手県 盛岡 ご当地
85%
秋田県 秋田
85%
神奈川県 横浜
85%
新潟県 新潟
85%
長野県 長野
85%
栃木県 宇都宮
84%
群馬県 前橋 ご当地
84%
広島県 広島
84%
富山県 富山
83%
福井県 福井
83%
静岡県 静岡
83%
大阪府 大阪
83%
島根県 島根
83%
山口県 山口
83%
福岡県 福岡
83%
鹿児島県 鹿児島
83%
沖縄県 沖縄
83%
岩手県 岩手
82%
石川県 金沢 ご当地
82%
山梨県 山梨
82%
岐阜県 岐阜
82%
愛知県 名古屋
82%
奈良県 奈良
82%
和歌山県 和歌山
82%
鳥取県 鳥取
82%
岡山県 岡山
82%
徳島県 徳島
82%
愛媛県 愛媛
82%
高知県 高知
82%
長崎県 長崎
82%
熊本県 熊本
82%
大分県 大分
82%
山梨県・静岡県 富士山 ご当地
81%
三重県 三重
81%
京都府 京都
81%
兵庫県 神戸
81%
香川県 香川
81%
佐賀県 佐賀
81%
宮崎県 宮崎
81%
青森県 八戸
80%
群馬県 群馬
80%
石川県 石川
80%
長野県 松本
80%
静岡県 浜松
80%
福岡県 北九州
80%
宮城県 宮城
79%
滋賀県 滋賀
79%
福島県 いわき
78%
栃木県 とちぎ
78%
群馬県 高崎 ご当地
78%
福島県 郡山 ご当地
77%
東京都 品川
77%
神奈川県 川崎
77%
北海道 帯広
76%
東京都 八王子
76%
山口県 下関 ご当地
76%
香川県 高松 ご当地
76%
青森県 弘前 ご当地
75%
茨城県 つくば ご当地
75%
埼玉県 大宮
75%
千葉県 船橋 ご当地
75%
神奈川県 相模
74%
愛知県 豊橋
74%
愛知県 豊田 ご当地
74%
島根県 出雲 ご当地
74%
大阪府 ご当地
73%
岡山県 倉敷 ご当地
73%
北海道 苫小牧 ご当地
72%
北海道 北見
72%
福島県 会津 ご当地
72%
兵庫県 姫路
72%
長崎県 佐世保
72%
千葉県 ご当地
71%
東京都 多摩
71%
埼玉県 川口 ご当地
70%
東京都 世田谷 ご当地
70%
東京都 足立
70%
神奈川県 湘南
70%
北海道 室蘭
69%
栃木県 日光 ご当地
69%
埼玉県 春日部
69%
埼玉県 川越 ご当地
69%
千葉県 成田 ご当地
69%
新潟県 長岡
69%
静岡県 伊豆 ご当地
69%
三重県 四日市 ご当地
69%
広島県 福山
69%
東京都 練馬
68%
新潟県 上越 ご当地
68%
山形県 庄内
67%
千葉県 市川 ご当地
67%
岐阜県 飛騨
67%
埼玉県 熊谷
66%
埼玉県 所沢
66%
福岡県 久留米
66%
栃木県 那須 ご当地
65%
愛知県 尾張小牧
65%
大阪府 なにわ
65%
千葉県 松戸 ご当地
64%
東京都 江戸川 ご当地
64%
北海道 知床 ご当地
63%
愛知県 岡崎 ご当地
63%
茨城県 土浦
62%
東京都 葛飾 ご当地
62%
東京都 江東 ご当地
61%
長野県 諏訪 ご当地
61%
静岡県 沼津
61%
埼玉県 越谷 ご当地
60%
三重県 鈴鹿 ご当地
59%
大阪府 和泉
59%
千葉県 習志野
58%
千葉県 市原 ご当地
58%
東京都 杉並 ご当地
58%
愛知県 一宮 ご当地
58%
千葉県 野田
57%
鹿児島県 奄美 ご当地
56%
愛知県 三河
55%
三重県 伊勢志摩 ご当地
55%
福島県 白河 ご当地
54%
千葉県 袖ヶ浦
54%
東京都 板橋 ご当地
54%
北海道 十勝 ご当地
53%
岩手県 平泉 ご当地
53%
奈良県 飛鳥 ご当地
52%
愛知県 春日井 ご当地
48%
福岡県 筑豊
47%
長野県 安曇野 ご当地
36%
長野県 南信州 ご当地
26%
No matching quizzes found
Score Distribution
Percent of People with Each Score
Percentile by Number Answered
Your Score History
You have not taken this quiz since the last reset